000 00955nam a2200265 i 4500
003 DO-SdBNP
005 20250806091740.0
007 ta
008 230717e2022 dr adc|| |||| 00| 0 spa d
020 _a9789945250343
040 _aDO-SdBNP
_bspa
_cBNPHU
_erda
041 _aspa
082 4 _axxx
_bH557c
_222
100 1 _aHernández Figueroa, Alfredo Rafael,
_eautor
_4aut.
_96902
245 1 3 _aEl censo urbano por calles y sectores realizados en febrero de 1922. La Vega /
_cAlfredo Rafael Hernández
264 4 _aSanto Domingo :
_bArchivo General de la Nación,
_c©2022.
300 _a113 páginas :
_bIlustraciones, gráficas, retrato ;
_c21 cm.
336 _atexto
_btxt
_2rdacontent
337 _asin medición
_bn
_2rdamedia
338 _avolumen
_bnc
_2rdacarrier
490 _aColección Cuadernos Populares
_v11
500 _aIncluye datos biográficos del autor : páginas 9 - 10
590 _aInventariado 2023 / MF
942 _2ddc
_cLBS1
999 _c54189
_d54189